| 000 | 00779nam a2200181Ia 4500 | ||
|---|---|---|---|
| 999 |
_c8885 _d8885 |
||
| 005 | 20241203153140.0 | ||
| 008 | 230814s9999 xx 000 0 und d | ||
| 040 |
_aUPAN _cBiblioteca San Vicente _eRCAA2 |
||
| 041 | _aspa | ||
| 082 |
_a570 _bA238b _c1990 |
||
| 100 |
_aAbate, John De _4aut. |
||
| 245 | 0 |
_aBiología aplicada/ _bJohn De Abate |
|
| 260 |
_as.l.; _bEUED. |
||
| 300 |
_a347 p.: _c21 cm. |
||
| 505 | _aPrimer Tema: Las moléculas de la vida. Segundo Tema: Estructura celular. Tercer Tema: Los procesos metabólicos. Cuarto Tema: La reproducción. Quinto Tema: Conceptos básicos de genética. Sexto Tema: Evolución. Séptimo Tema: El ambiente: un equilibrio inestable. Octavo Tema: Los nombres de los seres. | ||
| 650 |
_2LEMB _xBiología |
||
| 942 |
_cBK _2ddc |
||